Statistics for Countries with the most Australian Expatriates

Click here to take the quiz!

General Stats

  • This quiz has been taken 732 times
  • The average score is 11 of 15

Answer Stats

PopulationAnswer% Correct
400,000United Kingdom
99%
200,000United States
99%
35,000Canada
95%
70,000New Zealand
95%
15,000China
94%
15,000Germany
92%
30,000Italy
87%
20,000Thailand
73%
20,000Singapore
69%
100,000Greece
68%
22,000Vietnam
65%
15,000Netherlands
58%
16,000United Arab Emiratres
46%
15,000Papua New Guinea
43%
25,000Lebanon
19%

Score Distribution

Percentile by Number Answered

Percent of People with Each Score

Your Score History

You have not taken this quiz